| 000 | 00575nam a22002177a 4500 | ||
|---|---|---|---|
| 003 | OSt | ||
| 005 | 20150514144906.0 | ||
| 008 | 150514b xxu||||| |||| 00| 0 eng d | ||
| 020 | _a9780750688437 | ||
| 040 | _cDNLM | ||
| 082 | _aWB495 R25v 2006 | ||
| 100 |
_aRobertson, Val _94635 |
||
| 245 |
_aElectrotherapy explained: _bprinciples and practice |
||
| 250 | _a4th ed. | ||
| 260 |
_aEdinburgh; _bButterworth, _c2006 |
||
| 300 |
_axii,554p; _bill: _c25cm |
||
| 504 | _aIndex included | ||
| 650 |
_aElectrotherapy _94636 |
||
| 700 |
_aWard, Alex _94637 |
||
| 942 |
_2z _cO_SHELF |
||
| 999 |
_c1762 _d1762 |
||